000
00319nam a22001337a 4500
008
170529b xxu||||| |||| 00| 0 eng d
020
_a
0134797671
041
_a
eng
080
_2
2ND
_a
621
100
_a
27
101
_a
IM
245
_a
INTRODUCTION TO CONTROL SYSTEM ANALYSIS AND DESIGN
_c
HALE,F.J
942
_2
udc
_c
BK
999
_c
14719
_d
14719